000 00350nam a2200133Ia 4500
005 20260326235453.0
008 260326s9999||||xx |||||||||||||| ||und||
100 _aStierlin, Henri
245 0 _aAncient Mexican Architecture /
_cHenri Stierlin
260 _bMcDonalds and Co.
300 _a190 p.
650 _aARQUITECTURA MESOAMÉRICANA
942 _cBK
999 _c7834
_d7834